Historia de la vida privada : el siglo XX : diversidades culturales /

La presente obra fue en su momento el estudio pionero del tema, pues tradicionalmente la historiografía había centrado su atención en los grandes acontecimientos y los personajes que los protagonizaron. De modo que el proyecto dirigido por Philippe Ariès y Georges Duby significó toda una revolución,...

Mô tả đầy đủ

Đã lưu trong:
Chi tiết về thư mục
Tác giả chính: Body-Gendrot, Sophie (autor)
Tác giả khác: Leveau, Rémi (autor) (autor), Orfali, Kristina (autor) (autor), Schnapper, Dominique (autor) (autor), Simon-Nahum, Perrine (autor) (autor), Vincent, Gérard (autor) (autor), Ariès, Philippe (dirección) (dirección), Duby, Georges (dirección) (dirección), Vincent, Gérard (dirección del volumen) (dirección del volumen), Prost, Antoine (dirección del volumen) (dirección del volumen)
Định dạng: Sách
Ngôn ngữ:Tiếng Tây Ban Nha
Được phát hành: Buenos Aires, Argentina : Taurus, 1990, c1990
Những chủ đề:
Các nhãn: Thêm thẻ
Không có thẻ, Là người đầu tiên thẻ bản ghi này!

MARC

LEADER 00000nam^a2200000^a^4500
001 000381158
005 20250521000000.0
009 20260310120639.776
020 |a 950-511-115-0 
020 |a 950-511-095-2 
025 |a Donación Juan Diego Castillo, 1 ejemplar 
037 |a Acervo ITESO - Biblioteca 
041 |a ESP 
082 |a 392. 09  |b ARI V. 10 
100 |a Body-Gendrot, Sophie  |e (autor) 
240 1 1 |a [Historia de la vida privada] 
240 1 1 |a [Historia de la vida privada: de la Primera Guerra Mundial a nuestros días] 
245 1 0 |a Historia de la vida privada :  |b el siglo XX : diversidades culturales /  |c S. Body-Gendrot, R. Leveau, K. Orfali, D. Schnapper, P. Simon-Nahum, G. Vincent ; dir. de P. Ariès, G. Duby ; dir. del volumen de G. Vincent, A. Prost ; tr. por José Luis Checa Cremades. 
264 4 |a Buenos Aires, Argentina :  |b Taurus,  |c 1990, c1990 
300 |a 242 p. 
336 |a texto  |b txt  |2 rdacontenido 
337 |a sin mediación  |b n  |2 rdamedio 
338 |a volumen  |b nc  |2 rdasoporte 
500 |a Traducción de: Histoire de la vie privée 
520 |a La presente obra fue en su momento el estudio pionero del tema, pues tradicionalmente la historiografía había centrado su atención en los grandes acontecimientos y los personajes que los protagonizaron. De modo que el proyecto dirigido por Philippe Ariès y Georges Duby significó toda una revolución, al ocuparse de los sucesos ocurridos en el espacio privado y de las prácticas y sentimientos de los seres anónimos en el transcurrir de su vida cotidiana. De la Francia imperial al siglo XX, la obra reconstruye la historia social de los hechos "minúsculos" que constituyen el día a día de cualquier persona. 
649 |a XX 
650 |a Diversidad Cultural -  |z Francia -  |x Historia -  |y Siglo XX 
650 |a Identidad Cultural -  |z Francia -  |x Historia -  |y Siglo XX 
650 |a Familia -  |z Francia -  |x Historia -  |y Siglo XX 
650 |a Muerte -  |z Francia -  |x Aspectos Sociales y Culturales -  |x Historia -  |y Siglo XX 
650 |a Ocio y Tiempo Libre -  |z Francia -  |x Historia -  |y Siglo XX 
650 |a Sentimientos -  |z Francia -  |x Historia -  |y Siglo XX 
650 |a Vida Privada -  |z Francia -  |x Historia -  |y Siglo XX -  |x Tema Principal 
650 |a Vida Cotidiana -  |z Francia -  |x Historia -  |y Siglo XX 
650 |a Prácticas Culturales -  |z Francia -  |x Historia -  |y Siglo XX 
650 |a Sociología de la Cultura 
650 |a Historia Social 
650 |a Historia Moderna -  |x Tema Principal 
650 |a Historia Moderna -  |y Siglo XX 
650 |a Francia -  |x Historia -  |y Siglo XX -  |x Tema Principal 
700 |a Leveau, Rémi  |e (autor) 
700 |a Orfali, Kristina  |e (autor) 
700 |a Schnapper, Dominique  |e (autor) 
700 |a Simon-Nahum, Perrine  |e (autor) 
700 |a Vincent, Gérard  |e (autor) 
700 |a Ariès, Philippe  |e (dirección) 
700 |a Duby, Georges  |e (dirección) 
700 |a Vincent, Gérard  |e (dirección del volumen) 
700 |a Prost, Antoine  |e (dirección del volumen) 
910 |a Fondo Castillo-Martínez 
920 |a Impresos - Libros 
930 |a Fondos Especiales 
905 |a 127 
901 |a 0500276332  |b IT2  |c ESP  |i FXC D  |u 20250521 
902 |a https://opac.biblio.iteso.mx/vufind/Record/000381158